Top 50 biggest Cities in Finland - Statistics

General Stats
  • This quiz has been taken 38 times
  • The average score is 18 of 50
Answer Stats
City Population % Correct
Helsinki 558,457
97%
Oulu 128,618
94%
Turku 175,945
94%
Tampere 202,687
91%
Espoo 229,527
85%
Rovaniemi 34,781
76%
Kuopio 89,104
74%
Jyväskylä 85,026
71%
Vaasa 57,014
71%
Lahti 98,826
68%
Vantaa 190,058
68%
Pori 76,772
62%
Joensuu 53,388
56%
Lappeenranta 59,276
56%
Hämeenlinna 47,261
50%
Kotka 54,616
47%
Kouvola 31,133
41%
Porvoo 47,192
41%
Rauma 36,550
41%
Seinäjoki 32,149
41%
Mikkeli 46,550
38%
Järvenpää 38,148
32%
Kemi 22,641
29%
Nokia 28,676
26%
Tornio 21,236
26%
Hyvinkää 43,515
24%
Imatra 29,615
24%
Salo 24,900
24%
Savonlinna 27,353
24%
Lohja 35,960
21%
Hamina 21,712
18%
Heinola 20,849
18%
Iisalmi 22,588
18%
Kajaani 35,375
18%
Kangasala 24,291
18%
Kaarina 21,684
15%
Kerava 31,347
15%
Raisio 23,597
15%
Riihimäki 26,451
15%
Varkaus 22,365
15%
Kirkkonummi 32,920
12%
Nurmijärvi 37,073
12%
Raahe 22,217
12%
Valkeakoski 20,376
12%
Tuusula 34,725
9%
Ylöjärvi 22,140
9%
Hollola 20,405
6%
Vihti 26,280
6%
Karleby 35,586
3%
Karhula 22,867
0%
No matching quizzes found
Score Distribution
Percent of People with Each Score
Percentile by Number Answered
Your Score History
You have not taken this quiz